header

Sickles at Gettysburg (Record no. 132370)

MARC details
000 -LEADER
fixed length control field 01416nam a2200325 a 4500
100 1# - MAIN ENTRY--AUTHOR NAME
Personal name Hessler, James A.
245 10 - TITLE STATEMENT
Title Sickles at Gettysburg
260 ## - PUBLICATION, DISTRIBUTION, ETC. (IMPRINT)
Place of publication New York :
Name of publisher Savas Beatie,
Year of publication c2010.
300 ## - PHYSICAL DESCRIPTION
Number of Pages xi, 490 p. :
Other physical details ill., maps, port.
650 #0 - SUBJECT ADDED ENTRY--TOPICAL TERM
Topical Term Gettysburg, Battle of, Gettysburg, Pa., 1863.
Topical Term Generals
856 40 - ELECTRONIC LOCATION AND ACCESS
Uniform Resource Identifier http://site.ebrary.com/lib/rucke/Doc?id=10498865

No items available.

© 2026 Rongo University
Contact us: librarian | system librarian | Rongo university